000 00800nam a2200289Ia 4500
001 17263
003 IT-RoPAU
008 130308s9999 xx 000 0 und d
040 _aIT-RoPAU
040 _cIT-RoPAU
041 _aITALIANO
100 _aAA.VV.
100 _gCodice Aut. SPICS: 12000
245 _aDio nel cinema d'oggi-Possibilità e rischi della tematica religiosa nel cinema d'oggi
245 _bUomo nel Cinema d'oggi (L')
250 _a1a ed.
260 _aASSISI
260 _bPro Civitate Christiana
260 _c1966 [1° Ed.:1966 - Ed.Ling.Originale:1966]
300 _a"52 p. (prefazione: no ; testo: 52 [pagine: 52-562])"
650 _aSAGGI SUL CINEMA
650 _eCodice materia Spics: 6811
942 _cBK
957 _71
999 _c55210
_d55210
999 _bSI
999 _g1